| 000 | 00544nam a2200193 4500 | ||
|---|---|---|---|
| 005 | 20240925124308.0 | ||
| 008 | 240925b |||||||| |||| 00| 0 eng d | ||
| 020 |
_aX _c[n.p.] |
||
| 040 | _aMAIN | ||
| 082 |
_a519.5 _bR188R |
||
| 100 | _aRathi, Puran | ||
| 245 | _aRenewal theoretic approach for availability analysis of a repairable system using arbitrary distributions | ||
| 260 |
_bDept. of Statistics, M D University, Rohtak _c2019 |
||
| 300 | _av. | ||
| 650 | _aStatistics | ||
| 700 | _aMalik, S. C. | ||
| 942 | _cTH | ||
| 999 |
_c357129 _d357129 |
||